| 000 | 00434 a2200157 4500 | ||
|---|---|---|---|
| 999 |
_c12697 _d12697 |
||
| 003 | OSt | ||
| 005 | 20240722170414.0 | ||
| 008 | 240722b ||||| |||| 00| 0 eng d | ||
| 020 | _a9783038603054 | ||
| 082 | _2307.1/416 | ||
| 100 | _a Matthias Armengaud and AglaƩe Degros (Editor) | ||
| 245 | _aTowards Territorial Transition: A Plea to Large Scale Decarbonizing | ||
| 260 |
_bPark Books _c2023 |
||
| 300 | _a237p; | ||
| 942 | _2ddc | ||